000
00211 a2200097 4500
001
45882
100
_a
Swarner P
245
_a
A History of cricket
260
_a
London
_b
George Allen
_c
090
_c
28983
_d
28983
942
_a
NUST-CAE
_c
M
_c
21094
999
_c
280955
_d
280955